000
00274nam a2200109Ia 4500
008
231212s1946 xx 000 0 und d
041
_a
eng
082
_a
621.3817
100
_a
Chute G.M.
245
_a
Electronics In Industry
260
_a
New Delhi
_b
International Book
_c
1946
999
_c
958910
_d
958910